Chiesa e omosessualità : le ragioni di un'immutabile condanna /

Uloženo v:
Podrobná bibliografie
Korporativní autor: Commissione di studi del Centro Culturale Lepanto
Další autoři: Bernabei, Fabio, (1963-2016)
Médium: Kniha
Jazyk:italština
Vydáno: Roma : Centro Culturale Lepanto, 1995
Tagy: Přidat tag
Žádné tagy, Buďte první, kdo vytvoří štítek k tomuto záznamu!

MARC

LEADER 00000nam a22000007i 4500
001 IT\ICCU\AQ1\0032751
003 ItRI
005 20250213101857.0
008 971113s1995 it |||||| ||||| |||||c
040 |b ita  |c Arcigay Rimini 
041 7 |a ita  |2 ISO-639-2 
082 |a 241  |2 14 
245 0 0 |a Chiesa e omosessualità :  |b le ragioni di un'immutabile condanna /  |c a cura di Fabio Bernabei ; ricerche e selezione dei testi Commissione di studi del Centro Culturale Lepanto ; prefazione Roberto de Mattei. 
260 |a Roma :  |b Centro Culturale Lepanto,  |c 1995 
300 |a 30 p. :  |b ill. ;  |c 24 cm 
500 |a Supplemento a: Lepanto n. 138(gen-feb 1995) 
700 1 |a Bernabei, Fabio,  |d  (1963-2016)  |0 IT\ICCU\CFIV\373593 
710 2 |a Commissione di studi del Centro Culturale Lepanto  |0 IT\ICCU\AQ1V\015032 
942 |2 ddc  |c BK 
952 |0 0  |1 0  |2 ddc  |4 0  |6 241_000000000000000_FAB_CHI  |7 0  |9 2257  |a RN  |b RN  |d 2024-12-23  |l 0  |o 241 FAB CHI  |p 9710  |r 2024-12-23 13:37:47  |w 2024-12-23  |y BK 
981 1 |6 z01  |a i   |b xxxe  
982 1 |6 z01  |a n 
999 |c 1982  |d 1982